000 00542nam a2200217Ia 4500
005 20240217113052.0
008 131103s9999 xx 000 0 und d
040 _aLoreto College
041 _aEnglish
082 _a370.954
_bAUR
100 _aDas,Manoj
245 _aSri Aurobindo,
_cManoj Das
250 _a3rd ed.
260 _aDelhi
_bSahitya Akademi
_c1982
300 _a88 p.
440 _aMakers of Indian Literature
504 _aIncludes bibliography
650 _aEducation - India
850 _aLCLIB
942 _cBK
999 _c10607
_d61086